=LDR 00000nam 2200000 4500 =001 NUTBA000000000001123 =005 20140414111424.0 =006 =007 =008 =035 ##$$a 0010-041400000000393 =082 ##$$a 028.5 =100 ##$$a leni fitriani =245 ##$$a vitamin sang pahlawan kecil yang hebat =260 ##$$g 2010 =300 ##$$a 44 hlm $b ilus $c 25 cm =850 ##$$a NBPDMAT